Exam Booster Third Semester Basic B.Sc Nursing / (Record no. 1819)

MARC details
000 -LEADER
Fixed length control field 00593nam a2200205Ia 4500
003 - CONTROL NUMBER IDENTIFIER
Control field IIN
005 - DATE AND TIME OF LATEST TRANSACTION
Control field 20250520103614.0
008 - FIXED-LENGTH DATA ELEMENTS--GENERAL INFORMATION
Fixed length control field 250520s2023 xx ad 000 0 eng d
020 ## - INTERNATIONAL STANDARD BOOK NUMBER / ISBN
International Standard Book Number 9789393885739
Price Rs.750.00
040 ## - CATALOGING SOURCE
Original cataloging agency IIN
Language of cataloging English
082 ## - DEWEY DECIMAL CLASSIFICATION NUMBER
Classification number 610.73
Book Number ANB
100 1# - MAIN ENTRY--PERSONAL NAME
Personal name Anbu, T
245 1# - TITLE STATEMENT
Title Exam Booster Third Semester Basic B.Sc Nursing /
Statement of responsibility T. Anbu & G. Loganathan
260 ## - IMPRINT
Place of publication Bangalore :
Name of publisher EMMESS,
Date of publication 2023
300 ## - PHYSICAL DESCRIPTION
Page / Vol. No vi, 478p.
Other physical details ill.
500 ## - GENERAL NOTE
General note According to INC new syllabus 2021-22 onwards
650 ## - SUBJECT ADDED ENTRY--TOPICAL TERM
Topical term Question Solved
Form subdivision Nursing
700 1# - ADDED ENTRY--PERSONAL NAME
Personal name Loganathan, G
942 ## - ADDED ENTRY ELEMENTS (KOHA)
Koha item type Books
Holdings
Withdrawn status Lost status Source of classification Damaged status Not for loan Collection code Home library Current library Shelving location Date acquired Price Total Checkouts Call number Accession number Date last seen Price effective from Koha item type
    Dewey Decimal Classification     Purches Book IDEAL INSTITUTE OF NURSING IDEAL INSTITUTE OF NURSING General Stacks 11/03/2025 750.00   610.73 ANB 2033 20/05/2025 20/05/2025 Reference Books
© Ideal Institute Of Nursing, All rights reserved.         Powered by Koha